000 00564nam a22001937a 4500
999 _c41739
_d41739
003 OSt
005 20221105104605.0
008 221104b ||||| |||| 00| 0 eng d
020 _a9788181288189
040 _coclc
050 _a664.07
_bBEL/F
082 _2Third edition
_a664.07
_bBEL/F
100 1 _99145
_aBelitz, H.-D.
_q(Hans-Dieter)
245 _aFood chemistry /
_cH D Belitz
250 _a3rd edition
260 _aNew Delhi:
_bSpringer,
_c2008
300 _a1070
942 _2ddc
_cBK
_eFirst edition
_h664.07
_iBEL/F
_k664.07
_mBEL/F